[Event "Czech League (V) 2001/02"]
[Site "Czech Republic"]
[Round "3"]
[White "Moravec Michal (CZE)"]
[Black "Jandecka Tomas (CZE)"]
[Result "1-0"]
[WhiteElo "2289"]
[BlackElo "2186"]

1.c4 c5 2.Nc3 Nc6 3.Nf3 g6 4.e3 Bg7 5.d4 cxd4 6.exd4 d6 7.Be2 Bf5 8.d5 Ne5
9.Nd4 Qd7 10.f4 Nd3+ 11.Bxd3 Bxd4 12.Be2 Bxc3+ 13.bxc3 Nf6 14.h3 h5 15.Be3 Ne4
16.Qd4 f6 17.Bf3 Nc5 18.O-O Kf7 19.Rad1 Rac8 20.Rfe1 b6 21.Bf2 Nb7 22.Re6 Qc7
23.Rde1 Bxe6 24.dxe6+ Kg7 25.Bd5 Na5 26.Re3 Rcg8 27.h4 Nc6 28.Qe4 f5 29.Qd3
Kh6 30.Rg3 Rc8 31.Rg5 Qd8 32.g4 Qe8 33.gxf5 Rg8 34.Kh2 gxf5 35.Qxf5 Rxg5
36.Qxg5+ Kh7 37.Be4+ Kh8 38.Qh6+ {#r} 1-0

[Event "It (a)"]
[Site "Serpukhov (Russia)"]
[Round "7"]
[White "Khismatullin Denis (RUS)"]
[Black "Mesropov Konstantin (RUS)"]
[Result "1-0"]
[WhiteElo "2431"]
[BlackElo "2428"]

1.c4 c5 2.Nf3 Nc6 3.Nc3 Nd4 4.Ng1 Nc6 5.e3 e5 6.Nf3 d6 7.d4 Bg4 8.Be2 Nf6 9.d5
Ne7 10.Nxe5 dxe5 11.Bxg4 Nxg4 12.Qxg4 f5 13.Qh3 Qd7 14.e4 f4 15.Qxd7+ Kxd7
16.g3 Ng6 17.Bd2 Bd6 18.Ke2 Ke7 19.a3 b6 20.Nb5 Bb8 21.b4 a6 22.Nc3 Bd6 23.Na4
Rab8 24.Rab1 Rhc8 25.Rhc1 fxg3 26.hxg3 Nf8 27.bxc5 bxc5 28.Nb6 Rc7 29.Rb2 Ke8
30.Rcb1 Rcb7 31.Na4 Rxb2 32.Rxb2 Rxb2 33.Nxb2 Nd7 34.f4 Ke7 35.Nd3 h5 36.Bc3
{#r} 1-0

[Event "Tournament "]
[Site "Calcutta (India)"]
[Round "2"]
[White "Gomes Mary Ann (IND)"]
[Black "Abhratanu Dutta (IND)"]
[Result "1-0"]
[WhiteElo "2146"]
[BlackElo "2077"]

1.c4 c5 2.Nc3 Nc6 3.Nf3 Nf6 4.g3 g6 5.d4 cxd4 6.Nxd4 Bg7 7.Nc2 O-O 8.Bg2 d6
9.O-O Be6 10.b3 Nd7 11.Bb2 Nb6 12.Ne3 Qd7 13.Qd2 Bh3 14.Ncd5 Nxd5 15.cxd5 Ne5
16.f4 Bxg2 17.Nxg2 Ng4 18.Bxg7 Kxg7 19.Qd4+ Nf6 20.e4 Kg8 21.Rad1 Qh3 22.Nh4
Rfd8 23.Nf3 Qc8 24.Rc1 Qd7 25.Rc4 b5 26.Rc6 Rac8 27.Rfc1 Qg4 28.Kg2 Qd7 29.Qd3
Qb7 30.Nd4 a6 31.Rxc8 Rxc8 32.Nc6 Kg7 33.e5 Nd7 34.exd6 exd6 35.Qd4+ f6 36.Re1
Rc7 37.Re7+ Kg8 38.Re8+ Kf7 39.Qe3 Nc5 40.Nd8+ Kg7 41.Nxb7 Rxb7 42.b4 Na4
43.Qe6 Kh6 44.Rg8 {#r} 1-0

[Event "Ch Baden-Wuerttemberg"]
[Site "Karlsruhe (Germany)"]
[Round "8"]
[White "Kick Joachim (GER)"]
[Black "Schneider Bernhard (GER)"]
[Result "0-1"]
[WhiteElo "2185"]
[BlackElo "2231"]

1.c4 c5 2.Nc3 Nc6 3.Nf3 g6 4.e3 Bg7 5.d4 d6 6.Be2 Bg4 7.d5 Bxf3 8.Bxf3 Ne5
9.Be2 Nf6 10.f4 Ned7 11.O-O O-O 12.Bf3 a6 13.a4 Ne8 14.Qe2 Nc7 15.e4 Rb8
16.Bd2 e6 17.a5 exd5 18.exd5 Re8 19.Qd3 f5 20.g4 Qf6 21.Be3 fxg4 22.Bxg4 Qh4
23.Bxd7 Rxe3 24.Qd2 Rd8 25.Ba4 Rf8 26.Kh1 Bd4 27.Ne2 Qe7 28.Rae1 Qe4+ {#R} 0-1

[Event "Cup Russia (open)"]
[Site "St. Petersburg (Russia)"]
[Round "3"]
[White "Shariyazdanov Andrey (RUS)"]
[Black "Maly Alexey (UKR)"]
[Result "1-0"]
[WhiteElo "2583"]
[BlackElo "2359"]

1.c4 c5 2.Nc3 Nc6 3.Nf3 e5 4.e3 Nf6 5.Be2 d5 6.d4 cxd4 7.exd4 e4 8.Ne5 Bd6
9.Qa4 Bxe5 10.dxe5 d4 11.exf6 dxc3 12.fxg7 Rg8 13.Qc2 Rxg7 14.Qxe4+ Be6
15.bxc3 Qa5 16.O-O O-O-O 17.Bf4 Qxc3 18.Rad1 Rdg8 19.Bg3 Rg5 20.Rd6 Bd7
21.Rxd7 Kxd7 22.Rd1+ Kc8 23.Bg4+ {#r} 1-0

[Event "Ch Bosnia & Herzegovina (team) (w)"]
[Site "Jahorina (Bosnia & Herzegovina)"]
[Round "1"]
[White "Brcic Milena (SRB)"]
[Black "Dedijer Sanja (BIH)"]
[Result "1-0"]
[WhiteElo "2244"]
[BlackElo "2064"]

1.c4 c5 2.Nc3 Nc6 3.Nf3 g6 4.d3 Bg7 5.Bd2 Nf6 6.Qc1 h6 7.e4 d6 8.h3 Rb8 9.Be2
a6 10.a4 Nd7 11.O-O Nde5 12.Nd5 Nxf3+ 13.Bxf3 Nd4 14.Bd1 e6 15.Nc3 e5 16.a5 g5
17.Nd5 Be6 18.Nb6 g4 19.hxg4 Qh4 20.f3 h5 21.Be1 Qd8 22.g5 Bf8 23.Ba4+ Ke7
24.Qe3 h4 25.f4 exf4 26.Rxf4 Bg7 27.Nd5+ Kf8 28.Nf6 h3 29.Bg3 Qxa5 30.Rff1 Qd8
31.e5 hxg2 32.Kxg2 Bh3+ 33.Kg1 Nf5 34.Rxf5 Bxf5 35.Rf1 Be6 36.exd6 Rh3 37.Qe5
b5 38.cxb5 axb5 39.Bd1 c4 40.d7 Qb6+ 41.Bf2 Bxf6 42.gxf6 Qd8 43.Bc5+ Kg8
44.Qg5+ {#r} 1-0

[Event "Alpenpokal"]
[Site "Oberstdorf (Germany)"]
[Round "8"]
[White "Sakowski Christian (GER)"]
[Black "Graf Joachim (GER)"]
[Result "0-1"]
[WhiteElo "1994"]
[BlackElo "2145"]

1.c4 c5 2.Nc3 Nc6 3.Nf3 g6 4.e4 Bg7 5.d3 e6 6.Be3 Nd4 7.Bxd4 cxd4 8.Ne2 e5
9.g3 Bh6 10.Qa4 Qf6 11.Bg2 Ne7 12.b4 O-O 13.O-O d6 14.Ne1 Qe6 15.Nc2 Kh8 16.b5
Bd7 17.Qb4 Rac8 18.a4 Rc5 19.Nc1 Rfc8 20.Na3 b6 21.Nb3 R5c7 22.Qe1 Rf8 23.Nc2
f6 24.Qe2 Qf7 25.Nd2 Be6 26.Na3 Qe8 27.Rfd1 Qc8 28.Kh1 f5 29.f3 Ng8 30.Rf1 Nf6
31.Nc2 Bxd2 32.Qxd2 fxe4 33.fxe4 Rcf7 34.Kg1 Kg7 35.Rae1 Qd7 36.Qc1 Bh3 37.Qd1
h5 38.Bxh3 Qxh3 39.Qe2 Ng4 40.Rxf7+ Rxf7 41.Nb4 Rf2 42.Qxf2 Nxf2 43.Kxf2 Qxh2+
{#R} 0-1

[Event "Ch Greece (w)"]
[Site "Aspropyrgos (Greece)"]
[Round "9"]
[White "Kondou Eva (GRE)"]
[Black "Stiri Alexandra (GRE)"]
[Result "0-1"]
[WhiteElo "2178"]
[BlackElo "2201"]

1.c4 c5 2.Nc3 Nc6 3.Nf3 e6 4.g3 a6 5.d4 cxd4 6.Nxd4 Qc7 7.Bg2 Ne5 8.Bf4 d6
9.Rc1 Be7 10.O-O Nf6 11.Bxe5 dxe5 12.Nb3 O-O 13.c5 Bd7 14.Qd3 Bc6 15.Ne4 Nd5
16.a3 f5 17.Nc3 e4 18.Nxd5 exd5 19.Qe3 f4 20.gxf4 Rxf4 21.Nd4 Qe5 22.Qh3 Rf6
23.e3 Rg6 24.Qf5 Qc7 25.Ne6 Qc8 26.Nd4 Qe8 27.Nxc6 Qxc6 28.Rfd1 Rg5 29.Qh3 Rf8
30.Kf1 Qb5+ 31.Kg1 Qxb2 32.Qe6+ Kh8 33.Rf1 Bf6 34.Rb1 Qxa3 35.Rxb7 Qxc5
36.Rfb1 h6 37.Rb8 Kh7 38.Rxf8 Qxf8 39.Qxa6 Be5 40.f4 exf3 41.Qd3+ Kh8 {#R} 0-1

[Event "Landesliga 2002/03"]
[Site "Mecklenburg-Vorpommern (Germany)"]
[Date "2003.03.09"]
[Round "8"]
[White "Jeske Eckhard (GER)"]
[Black "Waschk Armin (GER)"]
[Result "1-0"]
[WhiteElo "2270"]
[BlackElo "2235"]

1.c4 c5 2.Nc3 Nc6 3.Nf3 g6 4.d4 cxd4 5.Nxd4 Bg7 6.Nxc6 bxc6 7.e4 d6 8.Be2 Nf6
9.O-O O-O 10.Be3 Qc7 11.h3 Bb7 12.Rc1 Rfd8 13.f4 Qd7 14.Bf3 d5 15.e5 d4
16.exf6 exf6 17.Na4 dxe3 18.Qxd7 Rxd7 19.Nc5 Rad8 20.Nxd7 Rxd7 21.Rfd1 Re7
22.Rd8+ Bf8 23.Kf1 Kg7 24.Ke2 Rc7 25.Rcd1 Bc8 26.Kxe3 f5 27.Kf2 f6 28.Re1 Bd7
29.a3 Kf7 30.b4 a5 31.c5 axb4 32.axb4 Ra7 33.Bd1 Rb7 34.Bb3+ Kg7 35.Rd1 {#r}
1-0

[Event "It (open)"]
[Site "Ditzingen (Germany)"]
[Date "2003.05.30"]
[Round "4"]
[White "Husser Rudi (GER)"]
[Black "Jerosch Gunnar (GER)"]
[Result "0-1"]
[WhiteElo "2147"]
[BlackElo "2083"]

1.c4 c5 2.Nc3 Nc6 3.Nf3 g6 4.d4 cxd4 5.Nxd4 Bg7 6.e3 Nf6 7.Be2 O-O 8.O-O d6
9.b3 Nxd4 10.exd4 d5 11.c5 b6 12.b4 a5 13.Na4 bxc5 14.bxc5 Ne4 15.f3 Nf6
16.Nb6 Ra7 17.Nxc8 Qxc8 18.Rb1 Nd7 19.Ba3 Nb8 20.f4 Nc6 21.Bb2 Qc7 22.Bc3 e6
23.a4 Rb8 24.Qd2 Bf6 25.Rb5 Bd8 26.Rfb1 Rba8 27.Bd1 Qe7 28.g3 h5 29.Kg2 h4
30.Qf2 hxg3 31.hxg3 Qf6 32.Bc2 Bc7 33.Rh1 Kf8 34.Qe3 Ke7 35.Bb3 Kd7 36.Bc2 Ne7
37.Rf1 Rh8 38.Rbb1 Nf5 39.Bxf5 gxf5 40.Qe2 Qh6 41.Rb2 Qh3+ 42.Kf3 Rh4 43.Kf2
Qh2+ 44.Kf3 Rxf4+ 45.gxf4 Qxf4+ 46.Kg2 Qh2+ 47.Kf3 Qg3# 0-1

[Event "Ch NRW (seniors)"]
[Site "Beverungen (Germany)"]
[Date "2003.06.15"]
[Round "2"]
[White "Rodler Ulrich"]
[Black "Josting Friedel (GER)"]
[Result "0-1"]
[WhiteElo "1322"]
[BlackElo "2024"]

1.c4 c5 2.Nc3 Nc6 3.Nf3 g6 4.e3 Bg7 5.d4 cxd4 6.exd4 d6 7.Bg5 Bg4 8.Be2 Bxf3
9.Bxf3 Nxd4 10.Qa4+ Qd7 11.Qxd7+ Kxd7 12.Bg4+ f5 13.Bd1 Nf6 14.Ba4+ Kd8 15.Rd1
Nd7 16.Nd5 Re8 17.O-O h6 18.Bxe7+ Rxe7 19.Nxe7 Kxe7 20.Rfe1+ Ne6 21.b4 Bc3
22.Re2 Bxb4 23.Bb3 Nc5 24.Bc2 Rd8 25.Rd5 Kf6 26.Rd1 Bc3 27.Re3 Be5 28.Bb1 g5
29.Re2 Na4 30.Rc2 Nd4 31.Rcd2 Nc3 32.Rf1 Rc8 33.Bd3 b6 34.h3 Rc5 35.Rc1 Bf4
{#R} 0-1

[Event "Cup Mediteran"]
[Site "Rijeka (Croatia)"]
[Date "2003.08.31"]
[Round "2"]
[White "Sikanjic Bojan (CRO)"]
[Black "Palkovi Jozsef (HUN)"]
[Result "0-1"]
[WhiteElo "2153"]
[BlackElo "2426"]

1.c4 c5 2.Nc3 Nc6 3.Nf3 g6 4.e3 Nf6 5.d4 cxd4 6.exd4 d5 7.cxd5 Nxd5 8.Qb3 Nxc3
9.Bc4 e6 10.bxc3 a6 11.Bd3 Bg7 12.Ba3 Ne7 13.O-O O-O 14.Rfd1 Re8 15.Rac1 Nc6
16.Bc5 b5 17.a4 Na5 18.Qb4 Bb7 19.Nd2 Nc6 20.Qb3 Ne5 21.Be2 Qg5 22.g3 Ng4
23.h3 Ne3 24.Re1 Ng2 25.Red1 Nf4 26.Bf1 e5 27.axb5 axb5 28.Qxb5 Ba6 29.Ne4 Qh6
30.Qd7 Bxf1 31.Rxf1 Ne2+ {#R} 0-1

[Event "Bundesliga 2003/04 (w)"]
[Site "Germany"]
[Date "2004.01.11"]
[Round "5"]
[White "Fey Franziska (GER)"]
[Black "Winkelmann Elena (GER)"]
[Result "0-1"]
[WhiteElo "2045"]
[BlackElo "2051"]

1.c4 c5 2.Nc3 Nc6 3.Nf3 g6 4.e3 e6 5.d4 cxd4 6.exd4 d6 7.Be2 Bg7 8.O-O Nge7
9.Bf4 O-O 10.Qd2 e5 11.Bg5 f6 12.Bh4 exd4 13.Nxd4 Nxd4 14.Qxd4 g5 15.Bg3 f5
16.Qxd6 f4 17.Qc5 fxg3 18.Rad1 gxf2+ 19.Kh1 Qe8 20.Qxg5 h6 21.Qh4 Nf5 {#R} 0-1

[Event "Ch France (team) (nat.3)"]
[Site "France"]
[Date "2004.01.18"]
[Round "5"]
[White "Houriez Alain (FRA)"]
[Black "Boillon Vincent (FRA)"]
[Result "0-1"]
[WhiteElo "2004"]
[BlackElo "2100"]

1.c4 c5 2.Nc3 Nc6 3.Nf3 e5 4.d3 Be7 5.Nd5 f5 6.g3 Nf6 7.Bg2 O-O 8.O-O d6
9.Nxe7+ Qxe7 10.a3 Bd7 11.Nd2 Rae8 12.b4 e4 13.b5 Nd8 14.a4 e3 15.Nf3 exf2+
16.Kxf2 Ne6 17.e3 Nc7 18.Re1 d5 19.Qc2 b6 20.d4 Be6 21.Ne5 Ng4+ 22.Nxg4 fxg4+
23.Kg1 dxc4 24.dxc5 bxc5 25.Bc6 Rd8 26.e4 Rf3 27.a5 Rdf8 28.Bf4 g5 29.Be3 h5
30.b6 axb6 31.axb6 Ne8 32.Ra7 Qf6 33.Qg2 h4 34.gxh4 gxh4 35.b7 Nc7 36.Raa1 h3
37.Qe2 g3 38.hxg3 Rxg3+ 39.Kh1 Bg4 40.Qxc4+ Kh7 41.Rf1 Bf3+ 42.Kh2 Rg2+
43.Kxh3 Rfg8 44.Bxc5 R8g3# 0-1

[Event "Ch Bulgaria (w)"]
[Site "Sofia (Bulgaria)"]
[Date "2004.02.20"]
[Round "4"]
[White "Voiska Margarita (BUL)"]
[Black "Raeva Elitsa (BUL)"]
[Result "1-0"]
[WhiteElo "2380"]
[BlackElo "2213"]

1.c4 c5 2.Nc3 Nc6 3.Nf3 g6 4.e3 Bg7 5.d4 cxd4 6.exd4 d6 7.Be2 e5 8.dxe5 dxe5
9.Qxd8+ Nxd8 10.Nb5 Ne6 11.Ng5 Nd4 12.Nc7+ Kf8 13.Nxa8 Nc2+ 14.Kd1 Nxa1 15.Be3
b6 16.Nc7 Bf5 17.g4 Bd7 18.Kd2 f5 19.gxf5 gxf5 20.Nce6+ Bxe6 21.Nxe6+ Kf7
22.Nxg7 Kxg7 23.f4 exf4 24.Bxf4 Nf6 25.Rxa1 Rd8+ 26.Kc2 Rd4 27.Rf1 Kg6 28.Bd3
Ne4 29.Be5 Rd8 30.Rg1+ Kf7 31.Bxe4 fxe4 32.Re1 {#r} 1-0

[Event "Ch France (team) (2) 2003/04"]
[Site "France"]
[Date "2004.04.03"]
[Round "10"]
[White "Machin Eric (FRA)"]
[Black "Varoquier Romain (FRA)"]
[Result "1-0"]
[WhiteElo "2187"]
[BlackElo "1920"]

1.c4 c5 2.Nc3 Nc6 3.Nf3 e5 4.d3 d6 5.g3 f5 6.Bg2 Nf6 7.Bg5 Be7 8.O-O O-O 9.Nd2
Be6 10.a3 Qe8 11.Rb1 Qg6 12.Bxf6 Rxf6 13.b4 cxb4 14.Nd5 Bxd5 15.cxd5 Nd8
16.Rxb4 Rc8 17.Qa4 Ra8 18.Nc4 Rf8 19.Nb6 axb6 20.Qxa8 Nc6 21.Qxf8+ Kxf8
22.dxc6 bxc6 23.Rxb6 Qg4 24.Bxc6 Qxe2 25.Rb8+ Kf7 26.Bb5 f4 27.a4 h5 28.a5 h4
29.a6 Qf3 30.Bc6 d5 31.a7 hxg3 32.Bxd5+ Qxd5 33.hxg3 Bc5 34.a8=Q Qxd3 35.Qb7+
Kf6 36.Qc6+ {#r} 1-0

[Event "Ch Russia (seniors)"]
[Site "Tula (Russia)"]
[Date "2004.05.12"]
[Round "3"]
[White "Ionov Boris (RUS)"]
[Black "Zilbert Oleg (RUS)"]
[Result "1-0"]
[WhiteElo "2232"]
[BlackElo "2379"]

1.c4 c5 2.Nc3 Nc6 3.Nf3 g6 4.e3 Bg7 5.d4 d6 6.Be2 Bd7 7.d5 Ne5 8.Nxe5 Bxe5
9.Qc2 a6 10.Bd2 Qb8 11.a4 h5 12.Bd3 Nh6 13.O-O Nf5 14.Ne4 Kf8 15.Bc3 Qc7
16.Rae1 h4 17.f4 Bg7 18.Ng5 Bf6 19.Nf3 b5 20.cxb5 axb5 21.axb5 Qb6 22.Bxf6
exf6 23.Qc3 Kg7 24.Nd2 Bxb5 25.Bxb5 Qxb5 26.Ne4 Rhb8 27.Qxf6+ Kg8 28.Ng5 Rb7
29.e4 Nd4 30.f5 gxf5 31.e5 dxe5 32.Qxe5 Qxb2 33.d6 Ra2 34.Qd5 Ne2+ 35.Kh1 Rd7
36.Nxf7 Qd2 37.Nh6+ Kh7 38.Qg8+ Kxh6 39.Qe6+ Kg7 40.Qxd7+ Kg8 41.Qc8+ Kg7
42.Qb7+ Kg6 43.Qf3 Nd4 44.Qd5 h3 45.Rg1 Ne2 46.Qg8+ Kf6 47.d7 hxg2+ 48.Qxg2
Nxg1 49.Qc6+ Kg5 50.Rxg1+ Kf4 51.Qh6+ Kf3 52.Qh3+ Ke4 53.Qh4+ {#r} 1-0

[Event "Ch VSF"]
[Site "Bilzen (Belgium)"]
[Date "2004.05.31"]
[Round "7"]
[White "Claesen Pieter (BEL)"]
[Black "Barbier Wim (BEL)"]
[Result "1-0"]
[WhiteElo "2388"]
[BlackElo "2194"]

1.c4 c5 2.Nc3 Nc6 3.Nf3 g6 4.e3 Nf6 5.d4 d6 6.Be2 Bg7 7.O-O O-O 8.d5 Na5 9.e4
Bg4 10.Ne1 Bxe2 11.Qxe2 Nd7 12.Bd2 a6 13.Rb1 Rb8 14.f4 e5 15.f5 f6 16.fxg6
hxg6 17.b3 Rf7 18.Nf3 Nf8 19.Rf2 b6 20.Rbf1 Rbb7 21.Qd3 Qc8 22.Qe2 Rbc7 23.Na4
Qg4 24.Nxb6 Nb7 25.Ne1 Qxe2 26.Rxe2 f5 27.Nf3 fxe4 28.Ng5 Rxf1+ 29.Kxf1 Bh6
30.Nxe4 Bxd2 31.Rxd2 Nh7 32.Rf2 Kg7 33.g4 Re7 34.Kg2 Re8 35.Kg3 Rb8 36.Nd7 Rd8
37.Nb6 Rb8 38.Nd7 Rd8 39.Ndf6 Nxf6 40.Rxf6 a5 41.a4 Rb8 42.Kh4 Nd8 43.Rxd6 Nf7
44.Rd7 Rxb3 45.Ng5 {#r} 1-0

[Event "Ch Bayern (seniors) (open)"]
[Site "Schney (Germany)"]
[Date "2004.06.06"]
[Round "1"]
[White "Erdmann Wolfgang (GER)"]
[Black "Schuler Georg (GER)"]
[Result "0-1"]
[WhiteElo "1729"]
[BlackElo "2085"]

1.c4 c5 2.Nc3 Nc6 3.Nf3 g6 4.d3 Bg7 5.Bd2 Nf6 6.Rb1 O-O 7.g3 d5 8.cxd5 Nxd5
9.Bg2 e6 10.a3 a6 11.O-O b5 12.Ne4 Qe7 13.Bf4 Nxf4 14.gxf4 Bb7 15.Qc1 Nd4
16.Nxd4 cxd4 17.Qd2 Rac8 18.Rfc1 f5 19.Ng3 Bxg2 20.Kxg2 Qb7+ 21.Kg1 h5 22.Rxc8
Rxc8 23.Rc1 Kh7 24.e3 Rxc1+ 25.Qxc1 h4 26.Ne2 e5 27.h3 Qf3 28.Qf1 dxe3 29.fxe5
Bxe5 30.d4 Bd6 31.Nc1 Qf4 32.Qg2 exf2+ 33.Qxf2 Qxc1+ 34.Kg2 Bg3 35.Qe2 Qc6+
36.Kg1 Qd6 37.Qe3 f4 38.Qe5 Qxe5 39.dxe5 f3 {#R} 0-1

[Event "It (open)"]
[Site "Cullera (Spain)"]
[Date "2004.07.28"]
[Round "8"]
[White "Castillo Martinez Alberto (ESP)"]
[Black "Tortosa Fito Sergio (ESP)"]
[Result "0-1"]
[WhiteElo "2114"]
[BlackElo "2065"]

1.c4 c5 2.Nc3 Nc6 3.Nf3 g6 4.e3 Bg7 5.d4 cxd4 6.exd4 d6 7.h3 Nf6 8.Bg5 O-O
9.Be2 Bf5 10.g4 Bd7 11.Qd2 a6 12.O-O-O Qa5 13.d5 Na7 14.Nd4 b5 15.f3 bxc4
16.Bxc4 Rfc8 17.Nb3 Qb6 18.Be3 Qb7 19.Be2 Nb5 20.Bxb5 axb5 21.Kb1 Qa6 22.Nc1
b4 23.N3e2 Nxd5 24.Bd4 e5 25.Bf2 Be6 26.Rhe1 Ne3 27.b3 Nxd1 28.Rxd1 Qc6 29.Nd3
Qxf3 30.Ng1 Qc6 31.Nxb4 Qc3 32.Qxc3 Rxc3 33.Rxd6 Rac8 34.Kb2 e4 35.Bd4 Rg3
36.Bxg7 Kxg7 37.Rd1 Rg2+ 38.Kb1 f5 39.gxf5 gxf5 40.Re1 f4 41.Ne2 Rf8 42.Nc2 e3
43.Nxf4 Rxf4 44.Nxe3 Rg3 45.a4 Bxb3 46.a5 Rg5 47.Kb2 Be6 48.Ra1 Rb5+ 49.Kc1
Re4 50.Ra3 Ree5 51.Rc3 Rbc5 {#R} 0-1

[Event "It (open)"]
[Site "Figueres (Spain)"]
[Date "2004.08.12"]
[Round "5"]
[White "Andreeva Mariya (BUL)"]
[Black "Randazzo Adrian (ITA)"]
[Result "0-1"]
[WhiteElo "2082"]
[BlackElo "2276"]

1.c4 c5 2.Nc3 Nc6 3.Nf3 g6 4.e3 Nf6 5.a3 Bg7 6.g3 d5 7.cxd5 Nxd5 8.Qc2 Bg4
9.Bg2 O-O 10.h3 Be6 11.O-O h6 12.d3 Rc8 13.Nxd5 Qxd5 14.Bd2 Rfd8 15.Ne1 Qd7
16.Kh2 Ne5 17.Bc3 b5 18.Bxe5 Bxe5 19.Nf3 Bg7 20.Rfd1 Bf5 21.Ne1 Qc7 22.Rac1
Qb6 23.Qe2 Be6 24.b4 Bb3 25.Rd2 cxb4 26.Rb1 Qe6 27.d4 Bc4 28.Qd1 bxa3 29.Nd3
a5 30.Nf4 Qb6 31.Bf1 Bxf1 32.Qxf1 b4 33.Qd1 e5 34.Ne2 exd4 35.Nxd4 Bxd4
36.exd4 Qc6 37.d5 Qc4 38.Ra1 Rd6 39.Raa2 Rcd8 40.Rac2 Qb5 41.Rc7 Qb6 {#R} 0-1

[Event "Cup Russia "]
[Site "Internet"]
[Date "2004.09.30"]
[Round "0"]
[White "Poluljahov Aleksandr (RUS)"]
[Black "Kalinichev Andrey (EST)"]
[Result "0-1"]
[WhiteElo "2504"]
[BlackElo "2341"]

1.Nf3 c5 2.c4 Nc6 3.Nc3 Nd4 4.Ng1 Nc6 5.e3 g6 6.Nf3 Bg7 7.d4 cxd4 8.exd4 Nf6
9.d5 Nb8 10.Be2 O-O 11.O-O d6 12.h3 Bf5 13.Be3 e5 14.dxe6 fxe6 15.g4 Nxg4
16.hxg4 Bxg4 17.Nd4 Bh3 18.Bg4 Qh4 19.Bxe6+ Bxe6 20.Nxe6 Be5 21.Re1 Qh2+
22.Kf1 Qh3+ 23.Ke2 Qxe6 24.Qd5 Qxd5 25.Nxd5 Nc6 26.Rab1 Rae8 27.Kd3 Rf3 28.b4
h5 29.b5 Nd4 30.Kd2 Nf5 31.Bxa7 Ra8 32.b6 Rxf2+ 33.Re2 Rxe2+ 34.Kxe2 h4 35.Kf3
h3 36.a4 h2 37.a5 Rf8 38.a6 bxa6 39.b7 Nd4+ 40.Kg2 Nc6 41.b8=Q Nxb8 42.Rxb8
Rxb8 43.Bxb8 Kf7 44.c5 dxc5 45.Bxe5 Ke6 46.Bxh2 Kxd5 47.Kf3 Kd4 48.Bg1+ Kc4
49.Ke2 a5 50.Kd2 a4 51.Kc2 g5 52.Bf2 g4 53.Kb2 Kb4 54.Be1+ Kb5 55.Ka3 c4
56.Kb2 Kc5 57.Bf2+ Kd5 58.Bh4 Kd4 59.Kc2 a3 60.Bf6+ Ke4 61.Bh4 Kf3 62.Kc3 g3
63.Kxc4 a2 {#R} 0-1

[Event "Ch Spain (seniors) (open)"]
[Site "Calvia (Spain)"]
[Date "2004.10.19"]
[Round "8"]
[White "Bautista Sanchez Joan (ESP)"]
[Black "Rodriguez Garcia Jesus (ESP)"]
[Result "1-0"]
[WhiteElo "2215"]
[BlackElo "2131"]

1.c4 c5 2.Nc3 Nc6 3.Nf3 Nf6 4.g3 e5 5.Bg2 d6 6.O-O Bd7 7.e3 Qc8 8.d4 Bh3
9.dxc5 Bxg2 10.Kxg2 dxc5 11.Nd5 Be7 12.Nxe7 Kxe7 13.e4 h6 14.Re1 Qc7 15.Be3
Nd4 16.b4 b6 17.Rb1 Rhd8 18.Qa4 Ng4 19.bxc5 bxc5 20.Bxd4 exd4 21.Rb5 Rab8
22.Reb1 Rxb5 23.Rxb5 Kf8 24.Qa3 Rc8 25.Nxd4 Qe5 26.Nf3 Qxe4 27.Rxc5 Rxc5
28.Qxc5+ Kg8 29.Qd4 Qxd4 30.Nxd4 Kf8 31.Nc6 a6 32.h3 Nf6 33.Kf3 Ke8 34.Ke3 Nd7
35.Kd4 f5 36.a4 Nb6 37.a5 Nd7 38.Nb4 Nb8 39.Kd5 Kd7 40.c5 Kc7 41.c6 {#r} 1-0

[Event "Ch Slovenia (team) (w)"]
[Site "Bled (Slovenia)"]
[Date "2004.11.20"]
[Round "3"]
[White "Pulec Lea (SLO)"]
[Black "Hocevar Maja (SLO)"]
[Result "0-1"]
[WhiteElo "1752"]
[BlackElo "2007"]

1.c4 c5 2.Nc3 Nc6 3.e4 e5 4.Nf3 d6 5.d3 Nf6 6.Bg5 Be7 7.Be2 O-O 8.O-O Rb8
9.Rb1 a6 10.Qd2 b5 11.b3 h6 12.Bxf6 Bxf6 13.Nd5 b4 14.Ra1 Be7 15.a3 a5 16.axb4
axb4 17.Ra2 Re8 18.Rfa1 Bf8 19.Ra8 Bb7 20.Rxb8 Qxb8 21.Qe3 Qd8 22.Nd2 Nd4
23.Rb1 Qa5 24.Bd1 Qa2 25.Qe1 Bxd5 26.exd5 Be7 27.Bg4 Ra8 28.Qc1 Bg5 29.Rb2 Qa3
30.Bd1 Qa1 31.Qxa1 Rxa1 32.Rb1 Rxb1 33.Nxb1 f5 34.f3 Be3+ 35.Kf1 Kf7 36.Ke1
Kf6 37.Nd2 Bxd2+ 38.Kxd2 f4 39.g3 Kf5 40.Ke1 h5 41.Kf2 fxg3+ 42.hxg3 g5 43.Kg2
h4 44.Kh3 hxg3 45.Kxg3 Kg6 46.Kg4 Nf5 47.Be2 Ne3+ 48.Kg3 Kf5 49.Kf2 Kf4 50.Ke1
Kg3 51.Kd2 Kf2 52.Bd1 Nxd1 53.Kxd1 Kxf3 {#R} 0-1

[Event "It (open)"]
[Site "Banja-Luka (Bosnia & Herzegovina)"]
[Date "2004.12.09"]
[Round "6"]
[White "Stojkovic Miroljub (SRB)"]
[Black "Patrucic Miroslav (BIH)"]
[Result "0-1"]
[WhiteElo "2251"]
[BlackElo "2044"]

1.c4 c5 2.Nc3 Nc6 3.e4 g6 4.Nf3 d6 5.Be2 Bg7 6.h3 Nf6 7.d3 O-O 8.Be3 Nd7 9.g4
Nd4 10.Qd2 Nxe2 11.Kxe2 a6 12.Bh6 e6 13.Bxg7 Kxg7 14.d4 Qe7 15.b3 Rb8 16.a4 b6
17.Qe3 Bb7 18.Rhg1 cxd4 19.Qxd4+ Qf6 20.Qxf6+ Nxf6 21.Nd2 d5 22.e5 Nd7 23.f4
g5 24.fxg5 Nxe5 25.cxd5 exd5 26.Rg3 Rfe8 27.Kf2 Rbc8 28.Re1 d4 29.Ncb1 Rc2
30.Kf1 Re6 31.Rd1 Kg6 32.Na3 Rc3 33.Rxc3 dxc3 34.Ndb1 Rc6 35.Rc1 Nf3 36.Kf2
Nxg5 37.h4 Ne4+ 38.Ke3 Rc5 39.b4 Rc8 40.Kd4 Nd2 41.Ke3 Nc4+ 42.Kd3 Ne5+ 43.Kd4
Nf3+ 44.Ke3 Nxh4 45.Rxc3 Re8+ 46.Kf2 Re4 47.Nc4 Kg5 48.Nbd2 Rf4+ 49.Ke3 Rxg4
50.Nxb6 Rxb4 51.a5 f5 52.Rc7 Be4 53.Ra7 f4+ 54.Kf2 Rb2 55.Ke1 Ng2+ 56.Kd1 Bd3
57.Rg7+ Bg6 58.Nbc4 Ra2 59.Ke2 Nh4 60.Kf1 f3 61.Ke1 Kf4 62.Rd7 Kg3 63.Nf1+ Kh3
64.Ncd2 Rxa5 65.Kf2 Re5 66.Nxf3 Rf5 67.Nd2 Nxf3 68.Rd3 Bh5 {#R} 0-1

[Event "Ch PriFO"]
[Site "Orsk (Russia)"]
[Date "2004.12.13"]
[Round "5"]
[White "Mannanikov V (RUS)"]
[Black "Khromkin A (RUS)"]
[Result "1-0"]
[WhiteElo "2286"]
[BlackElo "2329"]

1.c4 c5 2.Nc3 Nc6 3.Nf3 g6 4.e3 d6 5.h3 e5 6.d4 Bg7 7.dxe5 dxe5 8.Qxd8+ Nxd8
9.Ne4 b6 10.Nd6+ Ke7 11.Nxc8+ Rxc8 12.g4 e4 13.Nd2 f5 14.Rg1 Ne6 15.Rb1 Rd8
16.gxf5 gxf5 17.f3 Bh6 18.Ke2 Nf6 19.fxe4 f4 20.e5 Nh5 21.Ne4 fxe3 22.Bxe3
Nd4+ 23.Bxd4 Rxd4 24.Nd6 Rf8 25.Rd1 Rdf4 26.Kd3 Rf2 27.Kc3 Be3 28.Kb3 R2f3
29.Rh1 Ng3 30.Bg2 Rf2 31.Bd5 Nxh1 32.Rxh1 Bd4 33.Ka4 Rxb2 34.a3 Bxe5 35.Ne4 a6
36.Re1 Kd7 37.Nxc5+ bxc5 38.Rxe5 Rf6 39.Be4 Rf4 40.Bd5 Rb6 41.Ka5 Rh6 42.Re3
Rfh4 43.a4 Kd8 44.Be6 Kc7 45.Bd5 Rxh3 {#r} 1-0

[Event "Landesliga 2004/05"]
[Site "Mecklenburg-Vorpommern (Germany)"]
[Date "2005.02.13"]
[Round "6"]
[White "Schinke Andreas (GER)"]
[Black "Beerbaum Joerg"]
[Result "0-1"]
[WhiteElo "2151"]
[BlackElo "2107"]

1.c4 c5 2.Nc3 Nc6 3.Nf3 g6 4.e3 Bg7 5.d4 cxd4 6.exd4 d6 7.Be2 Bg4 8.Be3 Nf6
9.O-O O-O 10.Rc1 d5 11.cxd5 Nxd5 12.Nxd5 Qxd5 13.Qa4 Qd6 14.h3 Bxf3 15.Bxf3
Nxd4 16.Bxd4 Bxd4 17.Rfd1 Rfd8 18.Rc2 Qb6 19.b3 e5 20.Rdc1 Rab8 21.Qc4 Qf6
22.a4 Kg7 23.b4 Rd7 24.Qa2 Rbd8 25.a5 Qf4 26.Rf1 e4 27.Be2 h5 28.Bb5 Rd5
29.Bc4 Rg5 30.Kh1 Be5 31.g3 Qf3+ 32.Kg1 e3 33.fxe3 Qxg3+ 34.Rg2 Qh2+ {#R} 0-1